00457 a2200109 4500001000700000020001800007040003200025100002200057245002500079300001300104520023000117120643 a9788537603635 cEscola Canadense de Niteroi aMarques, Cristina10aChapeuzinho Vermelho c20x27 cm aA delicadeza das ilustrações e a simplicidade dos textos dos livros desta coleção atraem a atenção das crianças, que se encantam com o enredo das bonitas histórias extraídas dos grandes clássicos infantis.